<?xml version="1.0" encoding="UTF-8"?><?xml-stylesheet type="text/xsl" href="static/style.xsl"?><OAI-PMH xmlns="http://www.openarchives.org/OAI/2.0/" xmlns:xsi="http://www.w3.org/2001/XMLSchema-instance" xsi:schemaLocation="http://www.openarchives.org/OAI/2.0/ http://www.openarchives.org/OAI/2.0/OAI-PMH.xsd"><responseDate>2026-07-05T14:59:45Z</responseDate><request verb="GetRecord" identifier="oai:repisalud.isciii.es:20.500.12105/6556" metadataPrefix="marc">https://repisalud.isciii.es/rest/oai/request</request><GetRecord><record><header><identifier>oai:repisalud.isciii.es:20.500.12105/6556</identifier><datestamp>2025-06-02T12:38:33Z</datestamp><setSpec>com_20.500.12105_2405</setSpec><setSpec>com_20.500.12105_2403</setSpec><setSpec>col_20.500.12105_2412</setSpec></header><metadata><record xmlns="http://www.loc.gov/MARC21/slim" xmlns:dcterms="http://purl.org/dc/terms/" xmlns:doc="http://www.lyncode.com/xoai" xmlns:xsi="http://www.w3.org/2001/XMLSchema-instance" xsi:schemaLocation="http://www.loc.gov/MARC21/slim http://www.loc.gov/standards/marcxml/schema/MARC21slim.xsd">
   <leader>00925njm 22002777a 4500</leader>
   <datafield ind2=" " ind1=" " tag="042">
      <subfield code="a">dc</subfield>
   </datafield>
   <datafield ind2=" " ind1=" " tag="720">
      <subfield code="a">Bouza, Carmen</subfield>
      <subfield code="e">author</subfield>
   </datafield>
   <datafield ind2=" " ind1=" " tag="720">
      <subfield code="a">Chalco, J.P</subfield>
      <subfield code="e">author</subfield>
   </datafield>
   <datafield ind2=" " ind1=" " tag="260">
      <subfield code="c">2017</subfield>
   </datafield>
   <datafield ind2=" " ind1=" " tag="520">
      <subfield code="a">La Carcinomatosis Peritoneal (CP) supone la diseminación, localizada o masiva, en la serosa peritoneal y estructuras adyacentes intra-abdominales, de neoplasias gastrointestinales, ginecológicas y primarias peritoneales. Los pacientes con CP tienen un pésimo pronóstico clínico y limitadas opciones terapéuticas. Se trata además de pacientes altamente complejos con una no¬table variabilidad de orígenes tumorales, diferencias histopatológicas y ex¬tensión de la enfermedad. El reconocimiento en las pasadas décadas de la CP como enfermedad tumoral loco-regional y la identificación de los mecanismos fisiopatológicos y del comportamiento de la extensión tumoral al peritoneo, han modificado el enfoque de su manejo con el desarrollo de técnicas de intensificación te-rapéutica regional entre las que destaca la Cirugía Citorreductora Radical (CRS) asociada a quimioterapia intraperitoneal hipertérmica (HIPEC). El efecto sinérgico de CRS para eliminar el tumor macroscópico y de HIPEC para erradicar la enfermedad residual microscópica supone una importante ventaja del procedimiento. Sin embargo, se trata de un tratamiento comple¬jo, con elevada tasa de morbi-mortalidad, no exento de controversia en el que no se ha alcanzado un consenso acerca de su eficacia y seguridad para considerarlo tratamiento estándar de la CP. Objetivo Evaluar la eficacia y seguridad de CRS+HIPEC en el tratamiento de la CP de origen gastrointestinal, ginecológico y primitivo peritoneal. La evidencia que sustenta la eficacia del tratamiento de la CP con CRS+HI¬PEC es limitada aunque los datos disponibles sugieren que puede ser una opción terapéutica en determinados pacientes con escasa extensión de la enfermedad peritoneal y en los que sea posible lograr la citorreducción completa. Además, se acompaña de una sustancial morbilidad y mortalidad, por lo que sólo debe realizarse en pacientes seleccionados. La ausencia de evidencia de alto nivel determina su recomendación bajo un régimen clínico especial de monitorización, auditoría e investigación. Se identifican nume¬rosas áreas de optimización y la necesidad de estudios de alta calidad meto¬dológica, preferentemente aleatorizados, que permitan delinear de manera precisa el papel de esta estrategia terapéutica en pacientes con CP.</subfield>
   </datafield>
   <datafield ind1="8" ind2=" " tag="024">
      <subfield code="a">Eficacia y seguridad de la Cirugía Citorreductora Radical con Quimioterapia Hipertérmica Intraperitoneal (CRS+HIPEC) en la Carcinomatosis Peritoneal. Madrid: AETS - Instituto de Salud Carlos III; 2017.</subfield>
   </datafield>
   <datafield ind1="8" ind2=" " tag="024">
      <subfield code="a">10.4321/repisalud.6556</subfield>
   </datafield>
   <datafield ind1="8" ind2=" " tag="024">
      <subfield code="a">477-11-095-6</subfield>
   </datafield>
   <datafield ind1="8" ind2=" " tag="024">
      <subfield code="a">http://hdl.handle.net/20.500.12105/6556</subfield>
   </datafield>
   <datafield ind2="0" ind1="0" tag="245">
      <subfield code="a">Eficacia y seguridad de la Cirugía Citorreductora Radical con Quimioterapia Hipertérmica Intraperitoneal (CRS+HIPEC) en la Carcinomatosis Peritoneal</subfield>
   </datafield>
</record></metadata></record></GetRecord></OAI-PMH>